| 000 | 01302cam a2200373 a 4500 | ||
|---|---|---|---|
| 001 | 15035745 | ||
| 003 | OSt | ||
| 005 | 20140310181659.0 | ||
| 008 | 071005s2008 nju 001 0 eng | ||
| 010 | _a 2007041477 | ||
| 020 | _a9781564149831 | ||
| 020 | _a1564149838 | ||
| 035 | _a(OCoLC)154682112 | ||
| 035 | _a(OCoLC)ocn154682112 | ||
| 037 |
_a1271231 _bQBI |
||
| 040 |
_aDLC _cDLC _dQBX _dBTCTA _dBAKER _dYDXCP _dJED _dORX _dVP@ _dIG# _dDLC |
||
| 050 | 0 | 0 |
_aHF 5383 _b.B687 2008 |
| 082 | 0 | 0 |
_aM 658.142 _bB688 2008 |
| 100 | 1 | _aBoldt, Arnold G. | |
| 245 | 1 | 0 |
_aResumes for the rest of us : _bsecrets from the pros for job seekers with unconventional career paths / _cBoldt, Arnold G. |
| 260 |
_aFranklin Lakes, NJ : _bThe Career Press, Inc., _cc2008. |
||
| 300 |
_a233 p. _c25 cm. |
||
| 500 | _aIncludes index. | ||
| 521 | _aCollege Students | ||
| 526 | _c1210L-1700L | ||
| 541 | _j1 | ||
| 562 | _e1 | ||
| 650 | 0 | _aRésumés (Employment) | |
| 650 | 0 | _aJob hunting. | |
| 856 | 4 | 1 |
_3Table of contents only _uhttp://www.loc.gov/catdir/toc/ecip082/2007041477.html |
| 906 |
_a7 _bcbc _corignew _d1 _eecip _f20 _gy-gencatlg |
||
| 942 |
_2lcc _cBK _kM |
||
| 999 |
_c1156 _d1156 |
||